अवकल समीकरण / (Record no. 120584)
[ view plain ]
| 000 -LEADER | |
|---|---|
| fixed length control field | 01088nam a22002657a 4500 |
| 005 - DATE AND TIME OF LATEST TRANSACTION | |
| control field | 20170124103200.0 |
| 010 ## - LIBRARY OF CONGRESS CONTROL NUMBER | |
| LC control number | A-775022 |
| 020 ## - INTERNATIONAL STANDARD BOOK NUMBER | |
| Terms of availability | 55.00 |
| 035 ## - SYSTEM CONTROL NUMBER | |
| System control number | A-775022 |
| 037 ## - SOURCE OF ACQUISITION | |
| Source of stock number/acquisition | Cen Lib/Ret |
| 040 ## - CATALOGING SOURCE | |
| Original cataloging agency | DPL |
| Language of cataloging | HN |
| 082 ## - DEWEY DECIMAL CLASSIFICATION NUMBER | |
| Classification number | 515.35 |
| Item number | ठाकुर |
| 100 ## - MAIN ENTRY--PERSONAL NAME | |
| Personal name | ठाकुर, बी.आर. |
| 9 (RLIN) | 91416 |
| 245 ## - TITLE STATEMENT | |
| Title | अवकल समीकरण / |
| Statement of responsibility, etc | बी.आर. ठाकुर [एवं] जी.पी. श्रीवास्तव |
| 246 ## - VARYING FORM OF TITLE | |
| Title proper/short title | LaAvkal samikaran / |
| Remainder of title | by B.R. Thakur [evam] G.P. Shreevastava |
| 260 ## - PUBLICATION, DISTRIBUTION, ETC. (IMPRINT) | |
| Place of publication, distribution, etc | आगरा |
| Name of publisher, distributor, etc | राम प्रसाद एंड संस |
| 270 ## - ADDRESS | |
| City | आगरा |
| Address | अस्पताल रोड |
| Postal code | 3 |
| 300 ## - PHYSICAL DESCRIPTION | |
| Extent | 348पृ. |
| Dimensions | 21सेमी(सजिल्द ) |
| 650 ## - SUBJECT ADDED ENTRY--TOPICAL TERM | |
| Topical term or geographic name as entry element | गणित |
| General subdivision | |
| Geographic subdivision | |
| 9 (RLIN) | 91417 |
| 650 ## - SUBJECT ADDED ENTRY--TOPICAL TERM | |
| Topical term or geographic name as entry element | गणित--अवकल समीकरण |
| 9 (RLIN) | 82048 |
| 650 ## - SUBJECT ADDED ENTRY--TOPICAL TERM | |
| Topical term or geographic name as entry element | Mathematics |
| 9 (RLIN) | 8937 |
| 650 ## - SUBJECT ADDED ENTRY--TOPICAL TERM | |
| Topical term or geographic name as entry element | Mathematics - Differential Equations |
| 9 (RLIN) | 91418 |
| 700 ## - ADDED ENTRY--PERSONAL NAME | |
| Personal name | श्रीवास्तव, जी.पी |
| 9 (RLIN) | 46308 |
| 942 ## - ADDED ENTRY ELEMENTS (KOHA) | |
| Source of classification or shelving scheme | Dewey Decimal Classification |
| Koha item type | Hindi Books |
| Classification part | 515.35 |
| Call number suffix | ठाकुर |
| Withdrawn status | Lost status | Damaged status | Not for loan | Home library | Current library | Date acquired | Source of acquisition | Cost, normal purchase price | Total Checkouts | Full call number | Barcode | Date last seen | Copy number | Cost, replacement price | Price effective from | Koha item type |
|---|---|---|---|---|---|---|---|---|---|---|---|---|---|---|---|---|
| Central Library | Central Library | 23/09/2015 | Cen Lib/Ref | 55.00 | 515.35 ठाकुर | A-775022 | 23/09/2015 | 1 | 55.00 | 23/09/2015 | Hindi Books |
